| 000 | 00801nam a2200265 a 4500 | ||
|---|---|---|---|
| 008 | |||
| 020 | _a0669069213 (cased.) | ||
| 049 | _aMAIN | ||
| 090 |
_aQH308.2 _bMCL |
||
| 100 | 1 | _aMcLaren, James E. | |
| 245 | 1 | 0 |
_aHeath biology / _cJames E. McLaren, Lissa Rotundo. |
| 250 | _aTeacher's annotated ed. | ||
| 260 |
_aLexington, Mass. : _bD.C. Heath, _cc1985. |
||
| 300 |
_aix, 790 p. : _bill. (some col.) ; _c24 cm. |
||
| 504 | _aIncludes bibliographical references. | ||
| 500 | _aIncludes index. | ||
| 650 | 0 |
_aBiology _xStudy and teaching (Secondary). |
|
| 700 | 1 | _aRotundo, Lissa. | |
| 710 | 2 | _aHeath, D.C. | |
| 907 |
_a.b10106364 _b18-09-12 _c13-01-04 |
||
| 003 | |||
| 005 | 20230123133601.0 | ||
| 040 | _cNUST | ||
| 942 |
_cBOOKS _kQH308.2 _mMCL |
||
| 999 |
_c151104 _d151104 |
||